|
|
|
|
| LEADER |
02210nam a22004093i 4500 |
| 001 |
EBC6898737 |
| 003 |
MiAaPQ |
| 005 |
20231204023221.0 |
| 006 |
m o d | |
| 007 |
cr cnu|||||||| |
| 008 |
231204s2013 xx o ||||0 eng d |
| 020 |
|
|
|a 9781781388273
|q (electronic bk.)
|
| 020 |
|
|
|z 9781846318436
|
| 035 |
|
|
|a (MiAaPQ)EBC6898737
|
| 035 |
|
|
|a (Au-PeEL)EBL6898737
|
| 035 |
|
|
|a (OCoLC)1066687850
|
| 040 |
|
|
|a MiAaPQ
|b eng
|e rda
|e pn
|c MiAaPQ
|d MiAaPQ
|
| 082 |
0 |
|
|a 194
|
| 100 |
1 |
|
|a O'Meara, Lucy.
|
| 245 |
1 |
0 |
|a Roland Barthes at the Collège de France.
|
| 250 |
|
|
|a 1st ed.
|
| 264 |
|
1 |
|a Liverpool :
|b Liverpool University Press,
|c 2013.
|
| 264 |
|
4 |
|c {copy}2013.
|
| 300 |
|
|
|a 1 online resource (235 pages)
|
| 336 |
|
|
|a text
|b txt
|2 rdacontent
|
| 337 |
|
|
|a computer
|b c
|2 rdamedia
|
| 338 |
|
|
|a online resource
|b cr
|2 rdacarrier
|
| 490 |
1 |
|
|a Contemporary French and Francophone Cultures Series ;
|v v.22
|
| 505 |
0 |
|
|a Cover -- Half-title -- Title page -- Copyright page -- Contents -- Acknowledgements -- Note on Abbreviations and References -- Introduction -- Chapter 1 -- Chapter 2 -- Chapter 3 -- Chapter 4 -- Chapter 5 -- Afterword -- Appendix -- Bibliography -- Index.
|
| 520 |
|
|
|a A full-length account of Barthes' lecture courses given in Paris,1977-80, placing his teaching within institutional, intellectual and personal contexts. Analysing texts and recordings of the four lectures together with his 1970s output, it brings together all the strands of Barthes' activity as writer, teacher and public intellectual.
|
| 588 |
|
|
|a Description based on publisher supplied metadata and other sources.
|
| 590 |
|
|
|a Electronic reproduction. Ann Arbor, Michigan : ProQuest Ebook Central, 2023. Available via World Wide Web. Access may be limited to ProQuest Ebook Central affiliated libraries.
|
| 655 |
|
4 |
|a Electronic books.
|
| 776 |
0 |
8 |
|i Print version:
|a O'Meara, Lucy
|t Roland Barthes at the Collège de France
|d Liverpool : Liverpool University Press,c2013
|z 9781846318436
|
| 797 |
2 |
|
|a ProQuest (Firm)
|
| 830 |
|
0 |
|a Contemporary French and Francophone Cultures Series
|
| 856 |
4 |
0 |
|u https://ebookcentral.proquest.com/lib/matrademy/detail.action?docID=6898737
|z Click to View
|